Kotimaan matkailua - Statistics

Yleistilastot
  • Tätä visaa on pelattu 57 kertaa
  • Keskiarvotulos 6 / 9
Vastaustilastot
Kohde Kunta % Oikein
Yyteri Pori
96%
Olavinlinna Savonlinna
96%
Pyynikki Tampere
93%
Aulanko Hämeenlinna
87%
Pieni karhunkierros Kuusamo
80%
Vallisaari Helsinki
74%
Neitvuori Mikkeli
35%
Vesipuisto Sapokka Kotka
15%
Hiisijärven hiekat Ristijärvi
4%
Ehtoja vastaavia visoja ei löytynyt
Tulosjakauma
Jokaisen tuloksen saaneiden osuus
Persentiili vastausten määrän mukaan
Tuloshistoriasi
Et ole pelannut tätä visaa